000 02668nam a22002537a 4500
005 20260108135702.0
008 s2019 nyu ob 001 0 eng d
020 _a9781138671416
040 _aGR-AtMCL
_beng
_dGR-AtMCL
100 _aMitchell, Rosamond
_910225
245 1 0 _aSecond language learning theories /
_cRosamond Mitchell, Florence Myles, Emma Marsden.
250 _a4th ed.
264 1 _aNew York, NY :
_bRoutledge,
_c2019.
504 _aIncludes bibliographical references and indexes.
505 0 _aSecond language learning: key concepts and issues -- The recent history of second language learning research -- Linguistics and language learning: the universal grammar approach -- Cognitive approaches to second language learning (1): general learning mechanisms -- Cognitive approaches to second language learning (2): memory systems, explicit knowledge, and skill learning -- Interaction in second language learning -- Meaning-based perspectives on second language learning -- Sociocultural perspectives on second language learning -- Sociolinguistic perspectives -- Integrating theoretical perspectives on second language learning.
520 _aWritten by a team of leading experts working in different SLA specialisms, this fourth edition is a clear and concise introduction to the main theories of second language acquisition (SLA) from multiple perspectives, comprehensively updated to reflect the very latest developments SLA research in recent years. The book covers all the main theoretical perspectives currently active in SLA and sets each chapter within a broader framework. Each chapter examines the claims and scope of each theory and how each views language, the learner, and the acquisition process, supplemented by summaries of key studies and data examples from a variety of languages. Chapters end with an evaluative summary of the theories discussed. Key features to this fourth edition include updated accounts of developments in cognitive approaches to L2 learning, the implications of advances in generative linguistics, and the 'social turn' in L2 research, with re-worked chapters on functional, sociocultural and sociolinguistic perspectives, in addition to updated examples using new studies. Second Language Learning Theories continues to be an essential resource for graduate students in second language acquisition.
588 _aDescription based on print version record and CIP data provided by publisher; resource not viewed.
650 0 _aLanguage and languages
_xStudy and teaching
_910206
653 _aTESOL
700 1 _aMarsden, Emma
700 1 _aMyles, Florence
942 _cBK
999 _c10018
_d10018